Украинцы - Армагеддон - Statistics

General Stats
  • This quiz has been taken 81 times
  • The average score is 8 of 25
Answers on the Grid
Answers color-coded by a green-red scale on the quiz's grid according to % correct below.
Анатолий Белый
Иван Котляревский
Святослав Задерий
Александр Островский
Кузьма Скрябин
Нестор Махно
Роман Шухеевич
Юрий Гагарин
Тарас Компаниченко
Игорь Малашенко
Пётр Сагайдачный
Тарас Шевченко
Владимир Зеленский
Сергей Никоненко
Григорий Сковорода
Филипп Янковский
Михаил Коцюбинский
Лев Кулешов
Артемий Троицкий
Александр Довженко
Дмитрий Холодов
Виктор Зинчук
Богдан Хмельницкий
Иван Мазепа
Лесь Подервянский
Александр Введенский
Василий Стус
Пётр Дорошенко
Михаил Чехов
Борис Березовский
Дмитрий Менделеев
Алла Пугачёва
Степан Бандера
Леся Украинка
Валерий Залужный
Константин Циолковский
Линор Горалик
Анна Чиповская
Лариса Удовиченко
Евгений Коновалец
Эвелина Хромченко
Леонид Кравчук
Виктор Ющенко
Иван Ургант
Леонид Быков
Алексей Кравченко
Павел Скоропадский
Михаил Гельфанд
Ярослав Бойко
Олег Скрипка
 
Answer Stats
Answer % Correct
Роман Шухеевич
52%
Владимир Зеленский
52%
Богдан Хмельницкий
50%
Нестор Махно
48%
Тарас Шевченко
48%
Григорий Сковорода
45%
Кузьма Скрябин
43%
Степан Бандера
43%
Иван Котляревский
40%
Пётр Сагайдачный
38%
Леся Украинка
38%
Виктор Ющенко
38%
Михаил Коцюбинский
33%
Валерий Залужный
33%
Пётр Дорошенко
31%
Леонид Кравчук
31%
Иван Мазепа
26%
Александр Довженко
24%
Тарас Компаниченко
21%
Олег Скрипка
21%
Лесь Подервянский
19%
Василий Стус
19%
Евгений Коновалец
19%
Павел Скоропадский
19%
Леонид Быков
14%
No matching quizzes found
Score Distribution
Percent of People with Each Score
Percentile by Number Answered
Your Score History
You have not taken this quiz